|
|
|
|
| LEADER |
00000nam0a2200000 4500 |
| 001 |
52983 |
| 005 |
20231031043736.0 |
| 010 |
|
|
|a 5949090500
|
| 035 |
|
|
|a (RuTPU)RU\TPU\book\55561
|
| 090 |
|
|
|a 52983
|
| 100 |
|
|
|a 20030610d2002 km y0rusy50 ca
|
| 101 |
0 |
|
|a rus
|
| 102 |
|
|
|a RU
|
| 105 |
|
|
|a k gl 000zy
|
| 200 |
1 |
|
|a Справочник кадрового работника
|e Образцы должностных инструкций
|f сост. Н. Р. Усманова
|
| 210 |
|
|
|a Москва
|c Книга-Сервис
|d 2002
|
| 215 |
|
|
|a 432 с.
|c ил.
|
| 610 |
1 |
|
|a экономика
|
| 610 |
1 |
|
|a труд
|
| 610 |
1 |
|
|a кадры
|
| 610 |
1 |
|
|a персонал
|
| 610 |
1 |
|
|a должностные инструкции
|
| 610 |
1 |
|
|a справочники
|
| 686 |
|
|
|a У9(2)240я2
|v LBC/SL-A
|2 rubbk
|
| 702 |
|
1 |
|a Усманова
|b Н. Р.
|4 220
|
| 801 |
|
1 |
|a RU
|b 63413507
|c 20030610
|g PSBO
|
| 801 |
|
2 |
|a RU
|b 63413507
|c 20060914
|g PSBO
|
| 942 |
|
|
|c BK
|